BIBLIOTECA

SENCICO

Algunos aspectos de la privatización educativa en América Latina / (Registro nro. 317)

Detalles MARC
000 -LEADER
fixed length control field 01095nam a2200241Ia 4500
003 - CONTROL NUMBER IDENTIFIER
control field PE SENCICO BE
005 - DATE AND TIME OF LATEST TRANSACTION
control field 20251020182433.0
008 - FIXED-LENGTH DATA ELEMENTS--GENERAL INFORMATION
fixed length control field 200515s9999 xx 000 0 und d
040 ## - CATALOGING SOURCE
Original cataloging agency PE SENCICO BE
Transcribing agency PE SENCICO BE
041 ## - LANGUAGE CODE
Language code of text/sound track or separate title spa
082 ## - DEWEY DECIMAL CLASSIFICATION NUMBER
Classification number 370.98
Item number T31
100 1# - MAIN ENTRY--PERSONAL NAME
Personal name Tedesco, Juan Carlos
9 (RLIN) 2717
Relator term autor
245 #0 - TITLE STATEMENT
Title Algunos aspectos de la privatización educativa en América Latina /
Statement of responsibility, etc. Juan Carlos Tedesco
250 ## - EDITION STATEMENT
Edition statement 1a ed.
260 ## - PUBLICATION, DISTRIBUTION, ETC.
Place of publication, distribution, etc. Lima :
Name of publisher, distributor, etc. Tarea ;
Date of publication, distribution, etc. 1992
300 ## - PHYSICAL DESCRIPTION
Extent 54 p. :
Other physical details tablas ;
Dimensions 23 cm.
490 ## - SERIES STATEMENT
Series statement Materiales para la Discusión
505 0# - FORMATTED CONTENTS NOTE
Formatted contents note Actualidad del debate -- ¿Se está produciendo una efectiva privatización de la educación? -- Las diversidades nacionales -- Enseñanza privada, Estado y equidad social -- Educación privada y democratización -- La autonomía de los establecimientos
520 3# - SUMMARY, ETC.
Summary, etc. Se cuestiona la premisa si la privatización soluciona o no los problemas de la educación, tomando como escenario el contexto latinoamericano.
650 10 - SUBJECT ADDED ENTRY--TOPICAL TERM
Topical term or geographic name entry element Reforma educativa
9 (RLIN) 2718
651 10 - SUBJECT ADDED ENTRY--GEOGRAPHIC NAME
9 (RLIN) 1349
Geographic name América Latina
942 ## - ADDED ENTRY ELEMENTS (KOHA)
Koha item type Libros
Source of classification or shelving scheme Dewey Decimal Classification
Existencias
Fecha de la última vez que lo usaron Número de ingreso o de inventario Pago total Signatura topográfica completa Código de barras Precio efectivo desde Tipo de documento Estado perdido Sistema de clasificación Estado dañado No es para préstamo Retirado Ubicación permanente Ubicación actual Fecha de adquisición
15/05/2020 7661   370.98/T31 BibLima24110046 15/05/2020 Libros   Dewey Decimal Classification       Biblioteca Central Lima Biblioteca Central Lima 15/05/2020